00371nam a2200121Ia 4500008004000000020001800040082001500058100002900073245008200102260004000184300001300224650001200237210210b1991 xxu||||| |||| 00| 0 eng d a81 7100 745 7 a658.3 BHAS aBHATIA (B S) and others. aStudies in human resource development. 3V.V1-understaning HRD basic concepts. aN DbDeep & Deep Publicationsc1991 axiii,320 aH R D